Statistics for Countries with the most endemic species

Click here to take the quiz!

General Stats

  • This quiz has been taken 690 times
  • The average score is 8 of 10

Answer Stats

Endemic SpeciesAnswer% Correct
4333Brazil
98%
2584Australia
96%
1372Indonesia
91%
2149China
89%
1282Columbia
80%
1341Mexico
78%
2991Madagascar
72%
1395Papua New Guinea
71%
1520Malaysia
68%
1365 *France (New Caledonia)
42%

Score Distribution

Percentile by Number Answered

Percent of People with Each Score

Your Score History

You have not taken this quiz